ბათუმის შოთა რუსთაველის სახელმწიფო უნივერსიტეტის ბიბლიოთეკა

Избранные работы:Физико-химичесие исследования почв. (ბიბ.ჩანაწერი № 46325)

000 -LEADER
fixed length control field 00674nam a2200205Ia 4500
001 - CONTROL NUMBER
control field 13161
003 - CONTROL NUMBER IDENTIFIER
control field GE_BSU
008 - FIXED-LENGTH DATA ELEMENTS--GENERAL INFORMATION
fixed length control field 181216s||||||||xx |||||||||||||| ||und||
040 ## - CATALOGING SOURCE
Transcribing agency GE_BSU
080 ## - UNIVERSAL DECIMAL CLASSIFICATION NUMBER
Universal Decimal Classification number 631.4
100 ## - MAIN ENTRY--PERSONAL NAME
Personal name Вигнер,Г.
245 ## - TITLE STATEMENT
Title Избранные работы:Физико-химичесие исследования почв.
245 ## - TITLE STATEMENT
Statement of responsibility, etc. Ред.Антипова-Коротаева И.Н.
260 ## - PUBLICATION, DISTRIBUTION, ETC.
Place of publication, distribution, etc. Москва
260 ## - PUBLICATION, DISTRIBUTION, ETC.
Name of publisher, distributor, etc. Огиз-сельхозгиз
260 ## - PUBLICATION, DISTRIBUTION, ETC.
Date of publication, distribution, etc. 1941
300 ## - PHYSICAL DESCRIPTION
Extent 312стр.27см.илл.
653 ## - INDEX TERM--UNCONTROLLED
Uncontrolled term Избранные работы:Физико-химичесие исследования почв
942 ## - ADDED ENTRY ELEMENTS (KOHA)
Koha item type წიგნი
ეგზემპლარები
Withdrawn status Lost status Damaged status Not for loan Date acquired Barcode Date last seen Price effective from Koha item type
        2018-12-17 21047 2018-12-17 2018-12-17 წიგნი